00692nam a2200181 a 450000100100000000500170001000800410002704000250006804100390009308200160013210000320014824501020018026000610028230000210034304900090036495201200037399900170049300002396420200930022615.0110117s1957 txu r 000 0 spa d aDO-SdBNPbspacBNPHU17aspaheng2Código de idiomas MARC annnnbB959i1 aBurkhalter, Frank E.94929814aLos intermedios como pescadores de hombres /cFrank E. Burkhalter ; traducción de S. Juan Juan. aEl paso, Texas :bCasa Bautista de Publicaciones,c1957. a111 p. ;c17 cm. aBNGR 001052708MOaGRbGRcCTd2011-01-17iLF1l0onnnn B959ip23964-10r2020-06-25w2020-06-25y2ZPréstamo interno c23460d23460